00246nam a2200097Ia 4500008004100000100001900041245003600060260002600096300000800122650001800130191201s2019 xx 000 0 und d aGANDHI, Maneka 4aThe Penguin Book of Hindu Names aN.DelhibPenguin Book a522 aGeneral Books